[Event "Moscow Govrnor Cup-A rapid"]
[Site "Moscow"]
[Date "2013.02.20"]
[Round "7"]
[White "Rodionova, Polina"]
[Black "Vilchenkov, Nikolay"]
[Result "1-0"]
[WhiteElo "2093"]
[BlackElo "2106"]
[PlyCount "73"]
[EventDate "2013.02.19"]
[EventType "swiss (rapid)"]
[EventRounds "11"]
[EventCountry "RUS"]
[SourceTitle "CBM 153 Extra"]
[Source "ChessBase"]
[SourceDate "2013.04.22"]
[SourceVersion "1"]
[SourceVersionDate "2013.04.22"]
[SourceQuality "1"]

1. e4 d5 2. exd5 Nf6 3. d4 Nxd5 4. c4 Nb6 5. Nc3 g6 6. Nf3 Bg7 7. Be3 0-0 8. Qd2 Nc6 9. 0-0-0 Bg4 10. h3 Bxf3 11. gxf3 e5 12. d5 Ne7 13. c5 Nd7 14. d6 cxd6 15. Qxd6 Nf6 16. Qxe5 Nc6 17. Rxd8 Nxe5 18. Rxa8 Rxa8 19. f4 Nc6 20. Bg2 Rc8 21. Nb5 Bf8 22. Kb1 Rd8 23. Bxc6 bxc6 24. Nxa7 Rd5 25. Nxc6 Bxc5 26. b4 Bf8 27. Kc2 Ne4 28. f3 Ng3 29. Rd1 Nf5 30. Bf2 Rb5 31. Rd8 Kg7 32. Kc3 Rb7 33. a4 Bd6 34. a5 Bc7 35. Rd7 Nd6 36. a6 Rb6 37. Bxb6 1-0

[Event "Pushchino op"]
[Site "Pushchino"]
[Date "2012.02.26"]
[Round "7"]
[White "Krylov, Ivan"]
[Black "Vilchenkov, Nikolay"]
[Result "1-0"]
[WhiteElo "2133"]
[BlackElo "2142"]
[PlyCount "55"]
[EventDate "2012.02.24"]
[EventType "swiss"]
[EventRounds "7"]
[EventCountry "RUS"]
[SourceTitle "EXT 2014"]
[Source "ChessBase"]
[SourceDate "2013.11.20"]
[SourceVersion "1"]
[SourceVersionDate "2013.11.20"]
[SourceQuality "1"]

1. d4 Nf6 2. c4 e6 3. g3 d5 4. Nf3 Bb4+ 5. Bd2 Be7 6. Bg2 0-0 7. 0-0 Nfd7 8. Nc3 c6 9. e4 dxc4 10. a4 b6 11. Qe2 a5 12. Rfd1 Ba6 13. Bf4 Qc8 14. d5 cxd5 15. exd5 Nc5 16. Ne5 Ra7 17. d6 Bf6 18. Ne4 Bxe5 19. Bxe5 f6 20. Nxc5 Qxc5 21. Bd4 Qxd6 22. Bxf6 Qc7 23. Qxe6+ Kh8 24. Bd4 Nd7 25. Qe7 Rb8 26. Be5 Rg8 27. Bd5 Qd8 28. Bxg7+ 1-0

[Event "Pushchino op"]
[Site "Pushchino"]
[Date "2012.02.25"]
[Round "3"]
[White "Vilchenkov, Nikolay"]
[Black "Kazakov, Ruslan"]
[Result "1-0"]
[WhiteElo "2142"]
[BlackElo "1852"]
[PlyCount "73"]
[EventDate "2012.02.24"]
[EventType "swiss"]
[EventRounds "7"]
[EventCountry "RUS"]
[SourceTitle "EXT 2014"]
[Source "ChessBase"]
[SourceDate "2013.11.20"]
[SourceVersion "1"]
[SourceVersionDate "2013.11.20"]
[SourceQuality "1"]

1. d4 d5 2. c4 c6 3. Nf3 Nf6 4. Bf4 e6 5. e3 Nbd7 6. cxd5 cxd5 7. Nc3 Bb4 8. Bd3 0-0 9. 0-0 a6 10. Rc1 b5 11. Ne2 Bb7 12. a3 Ba5 13. Bg5 h6 14. Bh4 Rc8 15. Ne5 Rxc1 16. Nxc1 Qc7 17. Nxd7 Nxd7 18. Bb1 e5 19. Bg3 Re8 20. Bf5 f6 21. Qg4 Bc8 22. Nd3 Nf8 23. dxe5 Bxf5 24. Qxf5 Qd7 25. Qh5 f5 26. Nc5 Qc6 27. b4 Bb6 28. Rc1 Rc8 29. Qxf5 Ne6 30. h3 Nxc5 31. bxc5 Bxc5 32. e6 Rf8 33. Qc2 Rc8 34. Qg6 Qb7 35. Be5 Qa7 36. Bd6 Rc6 37. Qe8+ 1-0

[Event "Pushchino op"]
[Site "Pushchino"]
[Date "2012.02.24"]
[Round "2"]
[White "Kozlov, Stanislav"]
[Black "Vilchenkov, Nikolay"]
[Result "1-0"]
[WhiteElo "2309"]
[BlackElo "2142"]
[PlyCount "65"]
[EventDate "2012.02.24"]
[EventType "swiss"]
[EventRounds "7"]
[EventCountry "RUS"]
[SourceTitle "EXT 2014"]
[Source "ChessBase"]
[SourceDate "2013.11.20"]
[SourceVersion "1"]
[SourceVersionDate "2013.11.20"]
[SourceQuality "1"]

1. e4 e6 2. d4 d5 3. Nd2 dxe4 4. Nxe4 Nd7 5. Nf3 Ngf6 6. Nxf6+ Nxf6 7. Ne5 Be7 8. Bg5 c5 9. dxc5 Qa5+ 10. c3 Qxc5 11. Qa4+ Kf8 12. Bf4 Nd5 13. Nd3 Qb6 14. Bg3 h5 15. h3 Nf6 16. Be2 Bd7 17. Qf4 Rd8 18. 0-0 Bb5 19. Rad1 Bd6 20. Qf3 Bc6 21. Bxd6+ Rxd6 22. Qf4 Be8 23. b3 Nd5 24. Qc1 Qa5 25. Nb4 Rd7 26. Nxd5 Rxd5 27. Bf3 Rxd1 28. Rxd1 Bc6 29. Bxc6 bxc6 30. Qf4 Ke7 31. b4 Qb5 32. a4 Qe2 33. Qg5+ 1-0

[Event "Pushchino op"]
[Site "Pushchino"]
[Date "2012.02.24"]
[Round "1"]
[White "Vilchenkov, Nikolay"]
[Black "Lysenko, Olesya"]
[Result "1-0"]
[WhiteElo "2142"]
[BlackElo "1482"]
[PlyCount "43"]
[EventDate "2012.02.24"]
[EventType "swiss"]
[EventRounds "7"]
[EventCountry "RUS"]
[SourceTitle "EXT 2014"]
[Source "ChessBase"]
[SourceDate "2013.11.20"]
[SourceVersion "1"]
[SourceVersionDate "2013.11.20"]
[SourceQuality "1"]

1. Nf3 d5 2. g3 Nc6 3. d4 Bg4 4. Bg2 Nf6 5. Ne5 e6 6. Nxg4 Nxg4 7. e4 Nf6 8. e5 Nd7 9. c4 Na5 10. cxd5 exd5 11. Bxd5 c5 12. Qf3 Qe7 13. 0-0 cxd4 14. Re1 Nxe5 15. Bxf7+ Kd8 16. Qd5+ Kc8 17. Rxe5 Qf6 18. Be6+ Kc7 19. Qd7+ Kb6 20. Qxd4+ Ka6 21. Qd3+ Kb6 22. Rb5+ 1-0

[Event "Moscow Region-ch op"]
[Site "Serpukhov"]
[Date "2004.09.03"]
[Round "12"]
[White "Vilchenkov, Nikolay"]
[Black "Ovsiannikov, Maxim"]
[Result "1-0"]
[WhiteElo "2280"]
[BlackElo "2112"]
[PlyCount "43"]
[EventDate "2004.08.26"]
[EventType "swiss"]
[EventRounds "12"]
[EventCountry "RUS"]
[SourceTitle "EXT 2006"]
[Source "ChessBase"]
[SourceDate "2005.11.24"]
[SourceVersion "1"]
[SourceVersionDate "2005.11.24"]
[SourceQuality "1"]

1. Nf3 c5 2. g3 Nc6 3. d4 cxd4 4. Nxd4 g6 5. Bg2 Bg7 6. Nxc6 bxc6 7. c4 f5 8. Nc3 Nf6 9. 0-0 0-0 10. Qc2 Qc7 11. Bg5 e5 12. Bxf6 Bxf6 13. Nd5 Qd8 14. Nxf6+ Qxf6 15. Rad1 e4 16. e3 Qe5 17. Rd4 d5 18. Qa4 Be6 19. Qxc6 Rac8 20. Qa6 dxc4 21. Rfd1 Bf7 22. Bf1 1-0

[Event "Moscow Region-ch op"]
[Site "Serpukhov"]
[Date "2004.09.02"]
[Round "11"]
[White "Vilchenkov, Nikolay"]
[Black "Prokhorov, Sergey An"]
[Result "1-0"]
[WhiteElo "2280"]
[BlackElo "2046"]
[PlyCount "91"]
[EventDate "2004.08.26"]
[EventType "swiss"]
[EventRounds "12"]
[EventCountry "RUS"]
[SourceTitle "EXT 2006"]
[Source "ChessBase"]
[SourceDate "2005.11.24"]
[SourceVersion "1"]
[SourceVersionDate "2005.11.24"]
[SourceQuality "1"]

1. Nf3 d5 2. g3 Nf6 3. d4 c6 4. Bg2 Bf5 5. 0-0 h6 6. c4 e6 7. Qb3 Qb6 8. Nc3 Bd6 9. c5 Qxb3 10. axb3 Bc7 11. b4 Ne4 12. Nd2 Nxc3 13. bxc3 Nd7 14. f3 0-0 15. e4 Bg6 16. Nb3 a6 17. Re1 Rfe8 18. Bd2 Rad8 19. Re3 f5 20. exd5 exd5 21. Na5 Bxa5 22. bxa5 Rxe3 23. Bxe3 Nf8 24. Bf4 Ne6 25. Be5 Rd7 26. Bf1 Nd8 27. Bd3 Nf7 28. Bf4 Ng5 29. Kg2 Kf7 30. Bd6 Ne6 31. Re1 Kf6 32. Kf2 Bf7 33. Be5+ Kg5 34. h4+ Kh5 35. Bxf5 Re7 36. Bg4+ Kg6 37. Bd6 Re8 38. Rb1 Nd8 39. Bd7 Rh8 40. Be7 Be6 41. Bxe6 Nxe6 42. Rxb7 Ra8 43. Bd6 Kf5 44. g4+ Kg6 45. Rb6 Nd8 46. Bc7 1-0

[Event "Moscow Region-ch op"]
[Site "Serpukhov"]
[Date "2004.09.01"]
[Round "10"]
[White "Konenkin, Dmitry"]
[Black "Vilchenkov, Nikolay"]
[Result "0-1"]
[WhiteElo "2133"]
[BlackElo "2280"]
[PlyCount "88"]
[EventDate "2004.08.26"]
[EventType "swiss"]
[EventRounds "12"]
[EventCountry "RUS"]
[SourceTitle "EXT 2006"]
[Source "ChessBase"]
[SourceDate "2005.11.24"]
[SourceVersion "1"]
[SourceVersionDate "2005.11.24"]
[SourceQuality "1"]

1. d4 d5 2. Bg5 Nf6 3. Nd2 c5 4. e3 cxd4 5. exd4 Qb6 6. Bxf6 Qxf6 7. Ngf3 Nc6 8. c3 g6 9. Bd3 Bg7 10. 0-0 0-0 11. Re1 Bf5 12. Ne5 Bxd3 13. Nxd3 Qd6 14. Nf3 Rac8 15. Qe2 e6 16. Nfe5 b5 17. a4 bxa4 18. Rxa4 Nxe5 19. dxe5 Qb6 20. Rea1 Rc4 21. Rxa7 Re4 22. Qd2 Bxe5 23. R1a6 Qb8 24. g3 Bd6 25. Rd7 Bc7 26. Nc5 Rc4 27. Rc6 Bb6 28. Na6 Qe8 29. Rxc4 Qxd7 30. Rh4 Ra8 31. Nb4 Bd8 32. Rd4 Bf6 33. Rd3 Ra1+ 34. Kg2 Qb7 35. Qe2 Rb1 36. Qf3 Kg7 37. Rd2 Bg5 38. Re2 Bf6 39. Rd2 Qa8 40. Nd3 Qa1 41. h3 Rh1 42. Qe2 e5 43. Nc5 e4 44. Nxe4 Re1 0-1

[Event "Moscow Region-ch op"]
[Site "Serpukhov"]
[Date "2004.08.30"]
[Round "7"]
[White "Vilchenkov, Nikolay"]
[Black "Zolotukhin, Valery"]
[Result "1/2-1/2"]
[WhiteElo "2280"]
[BlackElo "2117"]
[PlyCount "84"]
[EventDate "2004.08.26"]
[EventType "swiss"]
[EventRounds "12"]
[EventCountry "RUS"]
[SourceTitle "EXT 2006"]
[Source "ChessBase"]
[SourceDate "2005.11.24"]
[SourceVersion "1"]
[SourceVersionDate "2005.11.24"]
[SourceQuality "1"]

1. Nf3 Nf6 2. g3 g6 3. c4 Bg7 4. Bg2 d6 5. d4 0-0 6. 0-0 Nc6 7. h3 e5 8. Be3 Nd7 9. Nc3 Ne7 10. dxe5 dxe5 11. Nd5 Nf5 12. Bg5 f6 13. Bd2 c6 14. Ne3 Nc5 15. Nxf5 Bxf5 16. Be3 Qxd1 17. Rfxd1 Na4 18. g4 Be6 19. Rd6 Rfe8 20. Rd2 Red8 21. Rad1 Rxd2 22. Rxd2 Bf8 23. g5 Bb4 24. Rc2 Bf5 25. Rc1 e4 26. Nd4 fxg5 27. Bxg5 Nxb2 28. Nxf5 gxf5 29. Rb1 Bc3 30. f3 exf3 31. Bxf3 Rf8 32. Bc1 Nxc4 33. Rxb7 Ne5 34. Bh5 Bd4+ 35. Kg2 f4 36. Ba3 Rf5 37. Bg4 Nxg4 38. hxg4 Ra5 39. Bd6 Rxa2 40. Kf3 Rb2 41. Rc7 a5 42. Rxc6 Be3 1/2-1/2

[Event "Moscow Region-ch op"]
[Site "Serpukhov"]
[Date "2004.08.29"]
[Round "4"]
[White "Vilchenkov, Nikolay"]
[Black "Borzov, Vladimir"]
[Result "0-1"]
[WhiteElo "2280"]
[BlackElo "2161"]
[PlyCount "96"]
[EventDate "2004.08.26"]
[EventType "swiss"]
[EventRounds "12"]
[EventCountry "RUS"]
[SourceTitle "EXT 2006"]
[Source "ChessBase"]
[SourceDate "2005.11.24"]
[SourceVersion "1"]
[SourceVersionDate "2005.11.24"]
[SourceQuality "1"]

1. d4 Nf6 2. c4 g6 3. Nc3 Bg7 4. Nf3 0-0 5. g3 d6 6. Bg2 Nc6 7. h3 Bf5 8. g4 Bd7 9. Bg5 a6 10. Qd2 b5 11. Bh6 Rb8 12. Bxg7 Kxg7 13. cxb5 axb5 14. d5 Na5 15. b4 Nc4 16. Qd4 Kg8 17. a4 Ne5 18. a5 Nc4 19. 0-0 Ra8 20. e4 Qb8 21. Rfe1 e5 22. dxe6 fxe6 23. e5 Ne8 24. exd6 cxd6 25. Ng5 Ng7 26. Bxa8 Qxa8 27. Nge4 Ne8 28. Nd2 e5 29. Qd3 Nxd2 30. Qxd2 Bc6 31. Re3 Qa7 32. Ra2 Rf4 33. Ne2 Rc4 34. Rc2 Ba8 35. Rxc4 bxc4 36. Qc3 Qa6 37. f4 Nf6 38. Ng3 Nd5 39. Qe1 Qa7 40. Nf1 c3 41. Kg2 Qd4 42. b5 c2 43. Qc1 Qd1 44. Re1 Nxf4+ 45. Kh2 Qf3 46. Qxc2 Qh1+ 47. Kg3 Qxh3+ 48. Kf2 Qg2+ 0-1

[Event "Moscow Region-ch op"]
[Site "Serpukhov"]
[Date "2004.08.28"]
[Round "3"]
[White "Efankov, Egor"]
[Black "Vilchenkov, Nikolay"]
[Result "0-1"]
[WhiteElo "2067"]
[BlackElo "2280"]
[PlyCount "58"]
[EventDate "2004.08.26"]
[EventType "swiss"]
[EventRounds "12"]
[EventCountry "RUS"]
[SourceTitle "EXT 2006"]
[Source "ChessBase"]
[SourceDate "2005.11.24"]
[SourceVersion "1"]
[SourceVersionDate "2005.11.24"]
[SourceQuality "1"]

1. Nf3 Nf6 2. d4 d5 3. g3 c5 4. dxc5 e6 5. Bg2 Bxc5 6. 0-0 0-0 7. Bg5 h6 8. Bxf6 Qxf6 9. c3 Nc6 10. Nbd2 Rd8 11. Qb3 b6 12. e4 Ba6 13. Rfe1 Ne5 14. Qa4 Bb7 15. exd5 Nxf3+ 16. Bxf3 Rxd5 17. Rf1 Rxd2 18. Bxb7 Rxf2 19. Rxf2 Qxf2+ 20. Kh1 Rd8 21. Qxa7 Qxb2 22. Rf1 Qe2 23. Bg2 f5 24. h4 Kh7 25. a4 Rd3 26. Qc7 Rxc3 27. Qf4 Rc4 28. Qf3 Qxf3 29. Bxf3 Rxa4 0-1

[Event "Moscow Region-ch op"]
[Site "Serpukhov"]
[Date "2004.08.26"]
[Round "1"]
[White "Pospelov, Sergey Lvovich"]
[Black "Vilchenkov, Nikolay"]
[Result "1/2-1/2"]
[WhiteElo "2088"]
[BlackElo "2280"]
[PlyCount "94"]
[EventDate "2004.08.26"]
[EventType "swiss"]
[EventRounds "12"]
[EventCountry "RUS"]
[SourceTitle "EXT 2006"]
[Source "ChessBase"]
[SourceDate "2005.11.24"]
[SourceVersion "1"]
[SourceVersionDate "2005.11.24"]
[SourceQuality "1"]

1. e4 d5 2. exd5 Nf6 3. d4 Nxd5 4. c4 Nb6 5. Be3 g6 6. Nf3 Bg7 7. h3 0-0 8. Qd2 Bf5 9. Bh6 N8d7 10. Bxg7 Kxg7 11. Nc3 Nf6 12. Bd3 Qd7 13. b3 Rad8 14. Bxf5 Qxf5 15. 0-0 e5 16. Nxe5 c5 17. Nf3 cxd4 18. Nxd4 Qc5 19. Rad1 Rd7 20. Qe3 Qa5 21. Nc2 Rfd8 22. Rd4 Re8 23. Qf3 Rxd4 24. Nxd4 Nbd7 25. Na4 Re1 26. Qc3 Rxf1+ 27. Kxf1 Qe5 28. Nf3 Qe4 29. Nd2 Qf4 30. g3 Qf5 31. Kg2 h5 32. b4 Ne5 33. Nc5 b6 34. f4 bxc5 35. fxe5 Ne4 36. Nxe4 Qxe4+ 37. Kf2 cxb4 38. Qxb4 Qf5+ 39. Kg2 Qe4+ 40. Kf2 Qf5+ 41. Kg2 Qxe5 42. a4 Qe2+ 43. Kg1 Qf3 44. Qe1 h4 45. gxh4 Qxh3 46. Qe5+ Kh7 47. Qf4 Qe6 1/2-1/2

[Event "Serpukhov-J"]
[Site "Serpukhov"]
[Date "2003.??.??"]
[Round "6"]
[White "Bezgodova, Svetlana"]
[Black "Vilchenkov, Nikolay"]
[Result "1/2-1/2"]
[WhiteElo "2259"]
[BlackElo "2237"]
[PlyCount "72"]
[EventDate "2003.??.??"]
[EventType "tourn"]
[EventRounds "9"]
[EventCountry "RUS"]
[EventCategory "2"]
[SourceTitle "EXT 2005"]
[Source "ChessBase"]
[SourceDate "2004.11.15"]
[SourceVersion "1"]
[SourceVersionDate "2004.11.15"]
[SourceQuality "1"]

1. Nf3 d5 2. g3 Nf6 3. Bg2 c6 4. 0-0 g6 5. b3 Bg7 6. Bb2 0-0 7. c4 h6 8. d3 Bg4 9. Nbd2 Qc8 10. Rc1 dxc4 11. Nxc4 Bh3 12. Qd2 Bxg2 13. Kxg2 Nbd7 14. a4 Qd8 15. Qa5 b6 16. Qd2 c5 17. e4 e6 18. Qe2 Qe7 19. Rfd1 Rac8 20. d4 Rfd8 21. Ba3 Bf8 22. e5 Nd5 23. Nd6 Rc6 24. dxc5 bxc5 25. Nd4 Qg5 26. Qe4 cxd4 27. Rxc6 Nc3 28. Rxc3 dxc3 29. f4 Qh5 30. Qf3 Qxf3+ 31. Kxf3 Nb6 32. Bc5 Rb8 33. Rc1 Nd5 34. b4 a6 35. Ke4 Nxb4 36. Rxc3 Nd5 1/2-1/2